| 000 | 00546nam a22002177a 4500 | ||
|---|---|---|---|
| 003 | OSt | ||
| 005 | 20250503133102.0 | ||
| 008 | 250503b |||||||| |||| 00| 0 eng d | ||
| 020 | _a978-93-5464-168-8 | ||
| 040 | _cTrident | ||
| 082 |
_a512.0 _bHER |
||
| 100 |
_aI.N. Herstein _945399 |
||
| 245 | _aTopics in Algebra | ||
| 250 | _a2nd | ||
| 260 |
_aNew Delhi _bWiley _c2022 |
||
| 300 | _a"XII,371p;" | ||
| 500 | _aQuantity-1 | ||
| 650 | _aMathematics | ||
| 700 |
_aIndian Adaptation by-Dr Prahlad Vaidyanathan _945400 |
||
| 942 |
_2ddc _cBK _n0 |
||
| 999 |
_c61130 _d61130 |
||